000 01091nas a2200349 4500
001 BR0501680
003 BR-BrBNA
005 20231205105255.0
007 ta
008 230509b bl.|||p| |||| 00| 00por d
040 _aBR-BrBNA
_bpor
_cBiblioteca Nacional de Agricultura
041 _a(Pt)
072 _aH10
100 1 _aPratissoli, D.
100 1 _aHoltz, A.M.
100 1 _aGonçalves, J.R.
100 1 _aOliveira, R.C. de
100 1 _aVianna, U.R.
245 1 _aCaracterísticas biológicas de linhagens de Trichogramma pretiosum, criados em ovos de Sitotroga cerealella e Anagasta kuehniella
650 _aTOMATE
650 _aINSETO PARA CONTROLE BIOLÓGICO
650 _aTRAÇA DOS CEREAIS
650 _aSITOTROGA CEREALELLA
650 _aANAGASTA KUEHNIELLA
650 _aOVO
650 _aCRIAÇÃO MASSAL
650 _aPARASITO DE PLANTA
650 _aESPÍRITO SANTO
773 0 _tHorticultura Brasileira (Brazil)
_xISSN 0102-0536
_g(Jul-Sep 2004), v. 22(3) p. 562-565
_wBR0501680
909 _a202311
_bLúcia
_c55
_dLúcia Elande
942 _2AGRIS
_n0
_cANA
999 _c182126
_d182126